Sevilla en cuerpo y alma / (Record no. 51251)

MARC details
000 -LEADER
campo de control de longitud fija 01029nam a2200241 i 4500
001 - NÚMERO DE CONTROL
campo de control 51251
003 - IDENTIFICADOR DE NÚMERO DE CONTROL
campo de control ES-MaACL
005 - FECHA Y HORA DE LA ÚLTIMA TRANSACCIÓN
campo de control 20250404173228.0
007 - CAMPO FIJO DE DESCRIPCIÓN FÍSICA--INFORMACIÓN GENERAL
campo de control de longitud fija t|
008 - DATOS DE LONGITUD FIJA--INFORMACIÓN GENERAL
campo de control de longitud fija 030812s1951 sp ||||1| spa d
100 1# - ENTRADA PRINCIPAL--NOMBRE DE PERSONA
Nombre de persona Charlo, Ramón.
9 (RLIN) 38088
245 10 - MENCIÓN DEL TÍTULO
Título Sevilla en cuerpo y alma /
Mención de responsabilidad, etc. Ramón Charlo.
260 ## - PUBLICACIÓN, DISTRIBUCIÓN, ETC.
Lugar de publicación, distribución, etc. [S.l. :
Nombre del editor, distribuidor, etc. s.n.,
Fecha de publicación, distribución, etc. 1951] (
Lugar de fabricación/manufactura Sevilla :
Fabricante Gráf. Sevillanas)
300 ## - DESCRIPCIÓN FÍSICA
Extensión 98 p. :
Otras características físicas retr. aut. ;
Dimensiones 23 cm.
510 ## - NOTA DE CITAS O REFERENCIAS BIBLIOGRÁFICAS
Nombre de la fuente CCPB,
Localización dentro de la fuente 001286702-0
650 #7 - PUNTO DE ACCESO ADICIONAL DE MATERIA--TÉRMINO DE MATERIA
9 (RLIN) 143023
Término de materia o nombre geográfico como elemento de entrada Poesía española-
Subdivisión geográfica Sevilla-
Subdivisión general Historia y crítica
852 ## - LOCALIZACIÓN
Ubicación ES-MaACL
Número de control de estantería D-6547
Sublocalización o colección R.31027
-- R.M.6138
Ubicación en estantería Sala Valle Inclán
Marcas de propiedad Sello en tinta azul de la Biblioteca del Ateneo de Madrid
itemnumber 53204
Donativo/Legado Sello en tinta azul: "Donativo del Excmo. Sr. D. Pedro Rocamora para la Biblioteca del Ateneo de Madrid"
903 ## - NOMBRE PERSONAL DE DONANTE
9 156813
a Rocamora, Pedro,
d 1910-1993
e Donante
q 1
942 ## - ELEMENTOS DE ENTRADA SECUNDARIOS (KOHA)
Fuente del sistema de clasificación o colocación Clasificación decimal universal
Tipo de ítem Koha Libro impreso
Holdings
Estatus retirado Estado de pérdida Fuente del sistema de clasificación o colocación Estado de daño No para préstamo Biblioteca de origen Biblioteca actual Ubicación en estantería Fecha de adquisición Fuente de adquisición Total de préstamos Signatura topográfica completa Código de barras Visto por última vez Precio de reemplazo Tipo de ítem Koha
    Clasificación decimal universal     Biblioteca del Ateneo de Madrid Biblioteca del Ateneo de Madrid Sala Valle Inclán 17/01/2008 Donación   D-6547 901053904 23/02/2023 23/02/2023 Libro impreso